Western Political Thought (Record no. 1212390)

MARC details
000 -LEADER
fixed length control field 00573nam a22002177a 4500
003 - CONTROL NUMBER IDENTIFIER
control field OSt
005 - DATE AND TIME OF LATEST TRANSACTION
control field 20250818102703.0
008 - FIXED-LENGTH DATA ELEMENTS--GENERAL INFORMATION
fixed length control field 250818b |||||||| |||| 00| 0 eng d
020 ## - INTERNATIONAL STANDARD BOOK NUMBER
International Standard Book Number 9788189770211
037 ## - SOURCE OF ACQUISITION
Stock number 6218
Source of stock number/acquisition Bharati Madhyavarti Sahakari Grahak Bhandar Pune
040 ## - CATALOGING SOURCE
Transcribing agency NLK
041 ## - LANGUAGE CODE
Language code of text/sound track or separate title English
082 ## - DEWEY DECIMAL CLASSIFICATION NUMBER
Classification number 320.50903
Item number GUP
100 ## - MAIN ENTRY--PERSONAL NAME
Personal name Gupta R C
245 ## - TITLE STATEMENT
Title Western Political Thought
Statement of responsibility, etc. Gupta R C
250 ## - EDITION STATEMENT
Edition statement 8th
260 ## - PUBLICATION, DISTRIBUTION, ETC.
Place of publication, distribution, etc. New Delhi
Name of publisher, distributor, etc. Lakshmi Narain Agarwal
Date of publication, distribution, etc. 2025
300 ## - PHYSICAL DESCRIPTION
Extent 209; 551
650 ## - SUBJECT ADDED ENTRY--TOPICAL TERM
Topical term or geographic name entry element Western Politics
942 ## - ADDED ENTRY ELEMENTS (KOHA)
Source of classification or shelving scheme Dewey Decimal Classification
Koha item type Textbook
Suppress in OPAC No
Holdings
Withdrawn status Lost status Source of classification or shelving scheme Damaged status Not for loan Home library Current library Date acquired Source of acquisition Cost, normal purchase price Total Checkouts Full call number Barcode Date last seen Price effective from Koha item type
    Dewey Decimal Classification     New Law College, Kolhapur New Law College, Kolhapur 31/03/2025 Bharati Madhyavarti Sahakari Grahak Bhandar Pune 260.00   320.50903/GUP NLK-FYLC-1004 18/08/2025 18/08/2025 Textbook
    Dewey Decimal Classification     New Law College, Kolhapur New Law College, Kolhapur 31/03/2025 Bharati Madhyavarti Sahakari Grahak Bhandar Pune 260.00   320.50903/GUP NLK-FYLC-1005 18/08/2025 18/08/2025 Textbook
    Dewey Decimal Classification     New Law College, Kolhapur New Law College, Kolhapur 31/03/2025 Bharati Madhyavarti Sahakari Grahak Bhandar Pune 260.00   320.50903/GUP NLK-FYLC-1006 18/08/2025 18/08/2025 Textbook